000
00273nam a2200121 a 4500
008
130429s |||| d
100
1
_a
Nowogrodzki, T.
245
1
0
_a
Vývinová psychológia
260
_b
SPN
_a
Bratislava
041
_a
slo
044
_a
xo
_c
SK
020
_c
0
999
_c
20245
_d
20245